Представление документа в формате RUSMARC

ПолеНазваниеЗначение
  Тип записи c
  Библиографический уровень m
001 Контрольный номер UONB/MAIN/fffacb58b7a54913b2d95d01232af5c7
005 Дата корректировки 20241226161931.2
010 Индекс ISBN __
9 Тираж 4630 экз.
013 Номер (ISMN) __
d Цена 90 к.
071 Издательские номер (звукозапись и ноты) 21
a Номер, присвоенный агентством 7621
100 Данные общей обработки __
a Данные общей обработки 20241024d1986 u y0rusy0189 ca
101 Язык документа 0_
a Язык текста rus
f Язык титульного листа rus
102 Страна публикации __
a Страна публикации RU
105 Кодированные данные (монография) __
a Кодированные данные (монография) y###||||000|y
125 Кодированные данные звукозаписи и нотных изданий __
a Форма изложения нотного текста с|
128 Кодированные данные (звукозаписи-физические характеристики) __
a Кодированные данные: Музыкальная форма и тональность или лад fm
c Инструменты или голоса, рекомендуемые для солистов (устаревшее) vf
200 Заглавие и сведения об ответственности 1_
a Заглавие Русские народные песни из репертуара Артура Эйзена
e Сведения, относящиеся к заглавию для голоса [баса] и фортепиано
f Первые сведения об ответственности составление, предисловие и концертные обработки К. Виноградова
203 Вид содержания и тип средства __
a Вид содержания Музыка
b Характеристика содержания знаковая
c Тип средства непосредственная
210 Выходные данные 1_
a Место издания Москва
c Издательство Советский композитор
d Дата издания 1986
215 Физическое описание __
a Объем 56 с.
c Иллюстрации/тип воспроизводства портр.
d Формат 29 см
327 Примечание о содержании 11
a Примечание о содержании Содерж.: Славное море - священный Байкал / сл. Д. П. Давыдова. Вечерний звон / сл. И. Козлова. Всю-то я вселенную проехал. По диким степям Забайкалья. Ах ты, степь широкая!. Из-за острова на стрежень / сл. Д. Садовникова. Вдоль по Питерской. - Эй, ухнем!. В деревне было в Ольховке : шуточная. Дубинушка.
606 Тематические рубрики 0_
a Основная рубрика Сольное пение
x Основная подрубрика Русские народные песни
x Основная подрубрика Бас (голос)
x Основная подрубрика Репертуар
610 Ключевые слова 0_
a Ключевые слова русские народные песни; репертуар; сольное пение; бас (голос)
686 Индексы других классификаций __
a Классификационный индекс 85.943.3-42-092
2 Код системы rubbk
686 Индексы других классификаций __
a Классификационный индекс 85.943,8
2 Код системы rubbk
702 Вторичная интеллектуальная ответственность _1
a Фамилия Эйзен
b Имя (инициалы) А. А.
g Полное личное имя Артур Артурович
4 Код отношения 590
702 Вторичная интеллектуальная ответственность _1
a Фамилия Виноградов
b Имя (инициалы) К.
4 Код отношения 030
4 Код отношения 080
4 Код отношения 220
801 Источник записи _0
a Страна RU
b Организация Ульяновская ОНБ
c Дата составления 20241024
g Правила каталогизации RCR
801 Источник записи _1
a Страна RU
b Организация Ульяновская ОНБ
c Дата составления 20241024
g Правила каталогизации RCR
901 Тип документа __
t Тип документа m
909 Создатель записи __
a Создатель записи Никитина Т. А.
b Дата создания записи 20241024